000 00633nam a2200217Ii 4500
003 JO-AjNU
008 230606s9999||||xx |||||||||||||| ||und||
020 _a0-256-16779-6
040 _aJO-AjNU
_beng
_erda
_cJO-AjNU
041 _aeng
050 1 4 _aHF5667.W39 1998
100 3 _aWhittington,O.Ray / Pany,Kurt,
_eauthor
_93131
245 0 0 _aPrinciples of Auditing
250 _a12th ed
264 3 1 _aBoston : Mc Graw Hill Irwin ,1998
300 _a790p
_b Includes indexes(p781-790)
336 _atext
_btxt
_2rdacontent
337 _aunmediated
_bn
_2rdamedia
338 _avolume
_bnc
_2rdacarrier
650 4 _aAuditing
_93132
999 _aE1641
_c1641
_d1641